| 000 | 01603nam a2200445 i 4500 | ||
|---|---|---|---|
| 999 |
_c50077 _d50077 |
||
| 001 | 50077 | ||
| 003 | ES-MaCES | ||
| 005 | 20171018144200.0 | ||
| 008 | 171016s2017 sp | ||||o000 0|spa | | ||
| 017 |
_aM 3182-2017 _bDL |
||
| 020 | _a9788473515672 | ||
| 020 | _a9788473515689 (formato electrónico) | ||
| 024 | 7 |
_a635-17-007-6 _2nipo |
|
| 024 | 7 |
_a635-16-008-1 (formato electrónico) _2nipo |
|
| 040 |
_aES-MaCES _bspa _cES-MaCES |
||
| 245 | 0 | 0 |
_aNuevos tiempos para la función pública _b: propuestas para atraer y desarrollar el talento en la Administración General del Estado _cautores, Xose Areses Vidal ... [et al.] |
| 250 | _a1ª ed | ||
| 260 |
_aMadrid _bInstituto Nacional de Administración Pública _c2017 |
||
| 300 |
_a270 p. _c24 cm |
||
| 490 | 1 | _aMonografías | |
| 504 | _aBibliografía: p. 257-270 | ||
| 541 | 0 | _cGratuito | |
| 650 | 4 |
_aadministración pública _927214 |
|
| 650 | 4 |
_afunción pública _927225 |
|
| 650 | 4 |
_afuncionario _927224 |
|
| 650 | 4 |
_aadministración de recursos humanos _930474 |
|
| 650 | 4 |
_aselección _930039 |
|
| 650 | 4 |
_adesarrollo de la carrera _929403 |
|
| 650 | 4 |
_aascenso _928217 |
|
| 650 | 0 | 4 |
_aEspaña _926964 |
| 650 | 4 |
_areforma administrativa _927223 |
|
| 650 | 4 |
_aderecho comparado _929868 |
|
| 650 | 4 |
_arégimen jurídico _929894 |
|
| 653 | _aEmpleo | ||
| 700 | 1 |
_938631 _aAreses Vidal, Xose |
|
| 710 | 2 |
_94265 _aInstituto Nacional de Administración Pública (España) _eed. |
|
| 830 | 0 |
_934636 _aMonografías (Instituto Nacional de Administración Pública (España)) |
|
| 902 | _aLIB Libro | ||
| 942 |
_2CES _cBK _h2.1. |
||